| 000 | 00365 a2200121 4500 | ||
|---|---|---|---|
| 001 | ART_12270 | ||
| 005 | 20260410161904.0 | ||
| 008 | 260409a | ||
| 245 | 1 | 0 | _aOn the appropriateness of endogenous switching |
| 100 | 1 | _aPoirier, Dale J. | |
| 700 | 1 | _aRuud, Paul A. | |
| 773 | 0 |
_tJournal of econometrics _g- Vol. 16, NÂș 2 (jun. 1981) _wREV11720 |
|
| 999 |
_c26218 _d26218 |
||